000
00205 a2200097 4500
001
46444
100
_a
Geddie, W
245
_a
Dictionary
260
_a
London
_b
W & R Chambers Ltd
_c
090
_c
29541
_d
29541
942
_a
NUST-CAE
_c
_c
21715
999
_c
281517
_d
281517